000
00322 a2200145 4500
001
154457
040
_c
Escola São Tomás de Aquino
100
_a
CHILD, Lauren
240
1
0
_a
Quero ser grande
_l
por
245
1
0
_a
Quero ser grande
362
0
_a
2010
440
1
_a
Ática
697
_a
*LITERATURA INFANTIL
942
_c
BK
999
_c
154457
_d
154457